Retrouve ces marques grâce au logo - Statistiques

Statistiques générales
  • Ce quiz a été pris 57 fois
  • Le résultat moyen est 4 sur 15
Statistiques - réponses
Par images Réponse % Correct
Hermes
77%
Carhartt
60%
Oakley
38%
Ami Paris
35%
Burberry
29%
Bape
27%
Salomon
19%
Vivienne Westwood
19%
Arcteryx
15%
Walk In Paris
15%
Kway
12%
Evisu
6%
Veja
6%
Daily Paper
2%
JW Anderson
2%
Aucun quiz correspondant
Distribution des résultats
% des personnes avec chaque résultat
Percentile par nombre de réponses
Votre historique - résultats
Vous n’avez pas pris ce quiz